| 000 | 00392nam a2200133Ia 4500 | ||
|---|---|---|---|
| 008 | 170516s9999 xx 000 0 und d | ||
| 245 | _aClinical Indications of 11C-Choline PET/CT in Prostate Cancer Patients with Biochemical Relapse | ||
| 260 | _bTheranostics | ||
| 260 | _c2012 | ||
| 300 | _a2:3 | ||
| 650 | _xMedical Technology | ||
| 650 | _xMedtech | ||
| 856 | _uhttp://www.thno.org/v2i3 | ||
| 999 |
_c330099 _d330099 |
||